American Authors Quiz Stats

 Plays Quiz Updated Feb 20, 2018

Challenge
Share
Tweet
Embed
Score 0/18 Timer 05:00
4 Plays Today
Title Author % Correct
The Adventures of Huckleberry FinnMark Twain
93.9%
The Great GatsbyF. Scott Fitzgerald
84.2%
To Kill a MockingbirdHarper Lee
77.4%
Of Mice and MenJohn Steinbeck
76.5%
The Catcher in the RyeJ. D. Salinger
74.8%
For Whom the Bell TollsErnest Hemingway
70.9%
Slaughterhouse-FiveKurt Vonnegut
65.9%
The Scarlet LetterNathaniel Hawthorne
64.5%
WaldenHenry David Thoreau
64.2%
Title Author % Correct
Uncle Tom's CabinHarriet Beecher Stowe
60%
Moby-DickHerman Melville
59.7%
The Sound and the FuryWilliam Faulkner
50.9%
The Red Badge of CourageStephen Crane
36.1%
Invisible ManRalph Ellison
35.3%
The Last of the MohicansJames Fenimore Cooper
34.9%
My √ĀntoniaWilla Cather
33.9%
The Age of InnocenceEdith Wharton
33.1%
Their Eyes Were Watching GodZora Neale Hurston
32.2%

You're not logged in!

Compare scores with friends on all Sporcle quizzes.
Join for Free
OR
Log In

You Might Also Like...

Show Comments

Extras

Top Quizzes Today


Score Distribution

Your Account Isn't Verified!

In order to create a playlist on Sporcle, you need to verify the email address you used during registration. Go to your Sporcle Settings to finish the process.

Report this User

Report this user for behavior that violates our Community Guidelines.

Details: